000 00505nam a2200181Ia 4500
005 20250508160222.0
008 008 250505s9999 xx 000 0 eng d
037 _aTextual
040 _aFEDL
_beng
_cFEDL
041 _aeng
_2eng
084 _a917.3, MOO
_qFEDL
100 _aMoon Glenn W
_9768165
245 0 _aStory of our land and people
260 _aNew York, USA
_bHolt, Rinehart and Winston
_c1964
300 _a760p.
942 _cTEXL
_h917.3, MOO
999 _c1362754
_d1362754